<?xml version="1.0" encoding="UTF-8"?><?xml-stylesheet type="text/xsl" href="static/style.xsl"?><OAI-PMH xmlns="http://www.openarchives.org/OAI/2.0/" xmlns:xsi="http://www.w3.org/2001/XMLSchema-instance" xsi:schemaLocation="http://www.openarchives.org/OAI/2.0/ http://www.openarchives.org/OAI/2.0/OAI-PMH.xsd"><responseDate>2026-04-17T02:01:11Z</responseDate><request verb="GetRecord" identifier="oai:www.recercat.cat:2445/133087" metadataPrefix="marc">https://recercat.cat/oai/request</request><GetRecord><record><header><identifier>oai:recercat.cat:2445/133087</identifier><datestamp>2025-12-05T09:43:07Z</datestamp><setSpec>com_2072_1057</setSpec><setSpec>col_2072_478778</setSpec><setSpec>col_2072_478909</setSpec><setSpec>col_2072_478917</setSpec></header><metadata><record xmlns="http://www.loc.gov/MARC21/slim" xmlns:dcterms="http://purl.org/dc/terms/" xmlns:xsi="http://www.w3.org/2001/XMLSchema-instance" xmlns:doc="http://www.lyncode.com/xoai" xsi:schemaLocation="http://www.loc.gov/MARC21/slim http://www.loc.gov/standards/marcxml/schema/MARC21slim.xsd">
   <leader>00925njm 22002777a 4500</leader>
   <datafield ind2=" " ind1=" " tag="042">
      <subfield code="a">dc</subfield>
   </datafield>
   <datafield ind2=" " ind1=" " tag="720">
      <subfield code="a">Wangensteen Fuentes, Owen S. (Simon)</subfield>
      <subfield code="e">author</subfield>
   </datafield>
   <datafield ind2=" " ind1=" " tag="720">
      <subfield code="a">Cebrian Pujol, Emma</subfield>
      <subfield code="e">author</subfield>
   </datafield>
   <datafield ind2=" " ind1=" " tag="720">
      <subfield code="a">Palacín Cabañas, Cruz</subfield>
      <subfield code="e">author</subfield>
   </datafield>
   <datafield ind2=" " ind1=" " tag="720">
      <subfield code="a">Turon Barrera, Xavier</subfield>
      <subfield code="e">author</subfield>
   </datafield>
   <datafield ind2=" " ind1=" " tag="260">
      <subfield code="c">2019-05-13T14:18:51Z</subfield>
   </datafield>
   <datafield ind2=" " ind1=" " tag="260">
      <subfield code="c">2020-02-28T06:10:17Z</subfield>
   </datafield>
   <datafield ind2=" " ind1=" " tag="260">
      <subfield code="c">2018-02</subfield>
   </datafield>
   <datafield ind2=" " ind1=" " tag="260">
      <subfield code="c">2019-05-13T14:18:51Z</subfield>
   </datafield>
   <datafield ind2=" " ind1=" " tag="520">
      <subfield code="a">We analysed with multigene (18S and COI) metabarcoding the effects of the proliferation of invasive seaweeds on rocky littoral communities in two Spanish Marine Protected Areas. The invasive algae studied were Caulerpa cylindracea, Lophocladia lallemandii and Asparagopsis armata. They are canopy-forming, landscape-dominant seaweeds, and we were interested in their effects on the underlying communities of meiobenthos and macrobenthos, separated in two size fractions through sieving. A new semiquantitative treatment of metabarcoding data is introduced. The results for both markers showed that the presence of the invasive seaweed had a significant effect on the understory communities for Lophocladia lallemandii and Asparagopsis armata but not for Caulerpa cylindracea. Likewise, changes in MOTU richness and diversity with invasion status varied in magnitude and direction depending on the alga considered. Our results showed that metabarcoding allows monitoring of the less conspicuous, but not least important, effects of the presence of dominant invasive seaweeds.</subfield>
   </datafield>
   <datafield tag="653" ind2=" " ind1=" ">
      <subfield code="a">Plantes invasores</subfield>
   </datafield>
   <datafield tag="653" ind2=" " ind1=" ">
      <subfield code="a">Àrees marines protegides</subfield>
   </datafield>
   <datafield tag="653" ind2=" " ind1=" ">
      <subfield code="a">Indicadors biològics</subfield>
   </datafield>
   <datafield tag="653" ind2=" " ind1=" ">
      <subfield code="a">Invasive plants</subfield>
   </datafield>
   <datafield tag="653" ind2=" " ind1=" ">
      <subfield code="a">Marine protected areas</subfield>
   </datafield>
   <datafield tag="653" ind2=" " ind1=" ">
      <subfield code="a">Indicators (Biology)</subfield>
   </datafield>
   <datafield ind2="0" ind1="0" tag="245">
      <subfield code="a">Under the canopy: community-wide effects of invasive algae in marine protected areas revealed by metabarcoding</subfield>
   </datafield>
</record></metadata></record></GetRecord></OAI-PMH>